[Event "3rd Memory of Nebesna Sotnya-2016 B"]
[Site "Lutsk, Volyn region"]
[Date "2016.02.19"]
[Round "14.2"]
[White "Bordovsky, Vladimir"]
[Black "Polivanov, Anatoliy"]
[Result "1-0"]
[WhiteElo "2424"]
[BlackElo "2384"]
[PlyCount "101"]
[EventDate "2016.02.19"]
[EventType "swiss (blitz)"]
[EventRounds "22"]
[EventCountry "UKR"]

1. c4 e6 2. Nf3 d5 3. d4 c6 4. e3 f5 5. Nc3 Nf6 6. Be2 Bd6 7. O-O O-O 8. b3 b6
9. Bb2 Bb7 10. Rc1 Nbd7 11. Qc2 Ne4 12. Nxe4 dxe4 13. Ne5 Bxe5 14. dxe5 Qc7 15.
Qc3 Nc5 16. Rcd1 Rad8 17. Rd6 Bc8 18. Rfd1 Nb7 19. R6d4 c5 20. Rxd8 Rxd8 21. f3
Rxd1+ 22. Bxd1 Qd7 23. Be2 exf3 24. gxf3 Nd8 25. Qe1 Bb7 26. Bc3 Nf7 27. Qh4 h6
28. Kf2 Ng5 29. Qg3 Bxf3 30. Bxf3 Qd3 31. Be1 Qc2+ 32. Kf1 Qxa2 33. Be2 Qxb3
34. h4 Ne4 35. Qg6 Qxe3 36. Qxe6+ Kh8 37. Qxf5 Qd4 38. e6 Nf6 39. Bf2 Qd6 40.
Bf3 a5 41. Kg2 a4 42. Qc2 Qxe6 43. Qxa4 Qe5 44. Qa8+ Kh7 45. Qc6 Qb8 46. Bg3
Qd8 47. Qd6 Qe8 48. Qxb6 Qe3 49. Bf2 Qf4 50. Qxc5 Ne4 51. Qd4 1-0

[Event "3rd Memory of Nebesna Sotnya-2016 B"]
[Site "Lutsk, Volyn region"]
[Date "2016.02.19"]
[Round "14.3"]
[White "Reprintsev, Alexander"]
[Black "Rakhmangulov, Andrei"]
[Result "1-0"]
[WhiteElo "2356"]
[BlackElo "2402"]
[PlyCount "93"]
[EventDate "2016.02.19"]
[EventType "swiss (blitz)"]
[EventRounds "22"]
[EventCountry "UKR"]

1. Nc3 Nf6 2. d4 c5 3. Nf3 cxd4 4. Nxd4 Nc6 5. g3 e6 6. Bg2 d5 7. O-O Bc5 8.
Nb3 Bb6 9. Bg5 h6 10. Bxf6 Qxf6 11. e4 d4 12. Na4 Qd8 13. Nxb6 Qxb6 14. e5 Nxe5
15. Qxd4 Qxd4 16. Nxd4 a6 17. Rfe1 Nd7 18. Nf5 Nf6 19. Rad1 O-O 20. Nd6 Rb8 21.
a4 b6 22. c4 Bd7 23. b3 Rfd8 24. Rd2 Kf8 25. f4 Ne8 26. Nb7 Rxb7 27. Bxb7 a5
28. Red1 Ke7 29. Bc6 Nf6 30. Bxd7 Rxd7 31. Rxd7+ Nxd7 32. b4 axb4 33. Rb1 Kd6
34. Rxb4 Kc6 35. Rb5 f5 36. a5 bxa5 37. Rxa5 g5 38. fxg5 hxg5 39. h4 gxh4 40.
gxh4 Nf6 41. Ra6+ Kd7 42. c5 Nh5 43. Rd6+ Ke7 44. Rd2 Nf6 45. c6 Nd5 46. h5 Kd6
47. h6 1-0

[Event "3rd Memory of Nebesna Sotnya-2016 B"]
[Site "Lutsk, Volyn region"]
[Date "2016.02.19"]
[Round "14.4"]
[White "Mirzoev, Emil"]
[Black "Onischuk, Vladimir"]
[Result "1/2-1/2"]
[WhiteElo "2432"]
[BlackElo "2728"]
[PlyCount "102"]
[EventDate "2016.02.19"]
[EventType "swiss (blitz)"]
[EventRounds "22"]
[EventCountry "UKR"]

1. d4 d6 2. e4 Nf6 3. Bd3 e5 4. c3 Nc6 5. Ne2 g6 6. O-O Bg7 7. d5 Ne7 8. c4 O-O
9. Nbc3 Nd7 10. Bc2 a5 11. a4 Nc5 12. Ra3 f5 13. exf5 Nxf5 14. Nb5 Bd7 15. f4
e4 16. Nbd4 Qf6 17. Nxf5 Bxf5 18. Be3 Qxb2 19. Qc1 Qxc1 20. Bxc1 Nd3 21. Be3 b6
22. Ng3 Rae8 23. Nxf5 gxf5 24. Bxd3 exd3 25. Rxd3 Re4 26. Rc1 Rfe8 27. Kf2 Rxe3
28. Rxe3 Bd4 29. Rce1 Re4 30. Kf3 Bxe3 31. Rxe3 Rxc4 32. Re7 Rxa4 33. Rxc7 Ra3+
34. Kf2 Rd3 35. Rc6 Rxd5 36. Rxb6 Kf7 37. Rb7+ Kg6 38. Ra7 h5 39. Kg3 Rd3+ 40.
Kh4 Rd2 41. Ra6 a4 42. h3 Rd4 43. g3 Kf6 44. Kxh5 Rd3 45. Kh4 a3 46. g4 fxg4
47. hxg4 Rf3 48. Rxd6+ Ke7 49. Ra6 Rxf4 50. Kg5 Rb4 51. Rxa3 Kf7 1/2-1/2

[Event "3rd Memory of Nebesna Sotnya-2016 B"]
[Site "Lutsk, Volyn region"]
[Date "2016.02.19"]
[Round "14.5"]
[White "Kuzubov, Yuriy"]
[Black "Mischuk, Dmitry"]
[Result "1-0"]
[WhiteElo "2712"]
[BlackElo "2425"]
[PlyCount "83"]
[EventDate "2016.02.19"]
[EventType "swiss (blitz)"]
[EventRounds "22"]
[EventCountry "UKR"]

1. d4 d5 2. c4 c6 3. Nc3 Nf6 4. Nf3 dxc4 5. a4 e6 6. e4 Bb4 7. e5 Nd5 8. Bd2
Bxc3 9. bxc3 b5 10. Ng5 Nd7 11. Qh5 Qe7 12. h4 g6 13. Qe2 f6 14. exf6 N7xf6 15.
g3 Bd7 16. Bg2 O-O 17. O-O c5 18. dxc5 Qxc5 19. axb5 Rae8 20. Rfb1 Bxb5 21. h5
Nxh5 22. Ne4 Qb6 23. Bc1 a6 24. Ba3 Rf7 25. Bc5 Qc7 26. Bd4 Ref8 27. Ng5 Qd7
28. Nxf7 Qxf7 29. Re1 Ng7 30. Bxg7 Kxg7 31. Bxd5 exd5 32. Qe5+ Qf6 33. Rad1 Bc6
34. f4 a5 35. Qc7+ Rf7 36. Qxa5 Qf5 37. Qc5 Bb7 38. Qd4+ Kh6 39. Rd2 g5 40. Re5
Qg4 41. Rh2+ Kg6 42. Rxg5+ 1-0

[Event "3rd Memory of Nebesna Sotnya-2016 B"]
[Site "Lutsk, Volyn region"]
[Date "2016.02.19"]
[Round "14.6"]
[White "Alexikov, Alexander"]
[Black "Bogdanovich, Stanislav"]
[Result "0-1"]
[WhiteElo "2359"]
[BlackElo "2727"]
[PlyCount "132"]
[EventDate "2016.02.19"]
[EventType "swiss (blitz)"]
[EventRounds "22"]
[EventCountry "UKR"]

1. e4 e5 2. Nf3 Nc6 3. c3 Nf6 4. d4 exd4 5. e5 Nd5 6. Bb5 a6 7. Ba4 Be7 8. Nxd4
Nb6 9. Bb3 Nxd4 10. Qxd4 O-O 11. Bf4 a5 12. O-O a4 13. Bc2 Ra5 14. Nd2 Re8 15.
Rad1 d5 16. exd6 Bxd6 17. Bxd6 Qxd6 18. Qxd6 cxd6 19. Ne4 d5 20. Nd6 Rd8 21.
Nxc8 Rxc8 22. Rfe1 Kf8 23. h4 Rb5 24. Bf5 Rc7 25. Re2 a3 26. bxa3 Rxc3 27. h5
g6 28. hxg6 hxg6 29. Bg4 Rxa3 30. Bf3 Rba5 31. Rdd2 R3a4 32. Rb2 Ra6 33. Rb5
R4a5 34. Reb2 Rxb5 35. Rxb5 Ke7 36. a4 Kd6 37. a5 Nd7 38. Rxb7 Rxa5 39. g3 Ne5
40. Be2 Ra2 41. Kf1 Ra1+ 42. Kg2 Ra2 43. Bb5 Rb2 44. Ba6 Rxb7 45. Bxb7 Kc5 46.
Kf1 Kd4 47. Ke2 Ke4 48. Ba6 Nc6 49. f3+ Kd4 50. Kd2 Ne5 51. Be2 Nc4+ 52. Ke1
Ke3 53. Bd1 Nd2 54. f4 Ne4 55. Bb3 Nc3 56. f5 gxf5 57. Bc2 f4 58. gxf4 d4 59.
f5 d3 60. Bb3 f6 61. Kf1 d2 62. Kg2 d1=Q 63. Bxd1 Nxd1 64. Kg3 Ke4 65. Kg4 Ne3+
66. Kh5 Kxf5 0-1

[Event "3rd Memory of Nebesna Sotnya-2016 B"]
[Site "Lutsk, Volyn region"]
[Date "2016.02.19"]
[Round "14.7"]
[White "Voitovich, Vladislav"]
[Black "Mikhalsky, Vladimir"]
[Result "0-1"]
[WhiteElo "2268"]
[BlackElo "2363"]
[PlyCount "60"]
[EventDate "2016.02.19"]
[EventType "swiss (blitz)"]
[EventRounds "22"]
[EventCountry "UKR"]

1. d4 Nf6 2. Bg5 Ne4 3. Bf4 c5 4. f3 Nf6 5. d5 g6 6. e4 Bg7 7. c3 O-O 8. Nh3 e6
9. d6 Nc6 10. Na3 a6 11. g4 b5 12. Bg3 e5 13. Nf2 Qa5 14. Qd2 Bb7 15. h4 h5 16.
Bh3 Rad8 17. Nc2 b4 18. Ne3 bxc3 19. bxc3 Qa4 20. Rb1 Ba8 21. g5 Ne8 22. O-O f6
23. Nd5 Kh7 24. Nb6 Qa3 25. Nxd7 Rf7 26. Nxf6+ Nxf6 27. gxf6 Rxf6 28. d7 Rxf3
29. Kg2 Qxc3 30. Nh1 Qxd2+ 0-1

[Event "3rd Memory of Nebesna Sotnya-2016 B"]
[Site "Lutsk, Volyn region"]
[Date "2016.02.19"]
[Round "14.8"]
[White "Razin, Vadim"]
[Black "Babiy, Igor"]
[Result "1-0"]
[WhiteElo "2461"]
[BlackElo "2244"]
[PlyCount "61"]
[EventDate "2016.02.19"]
[EventType "swiss (blitz)"]
[EventRounds "22"]
[EventCountry "UKR"]

1. d4 d5 2. Nf3 Nf6 3. c4 c6 4. Nc3 e6 5. Bg5 Nbd7 6. e3 Qa5 7. cxd5 Nxd5 8.
Qd2 Bb4 9. Rc1 O-O 10. Bd3 h6 11. Bh4 Re8 12. Bg3 b6 13. O-O Ba6 14. e4 Bxd3
15. Qxd3 Nxc3 16. bxc3 Ba3 17. Rb1 c5 18. Bf4 cxd4 19. cxd4 Rac8 20. Rb5 Qa6
21. Bxh6 Nc5 22. dxc5 Rxc5 23. Rb3 Qxd3 24. Rxd3 Ra5 25. Bd2 Ra4 26. Rd4 Ra6
27. Be3 Rc8 28. Rfd1 Rc2 29. R4d2 Rc4 30. Ng5 Bf8 31. Rd7 1-0

[Event "3rd Memory of Nebesna Sotnya-2016 B"]
[Site "Lutsk, Volyn region"]
[Date "2016.02.19"]
[Round "15.1"]
[White "Kuzubov, Yuriy"]
[Black "Klymchuk, Andriy"]
[Result "1-0"]
[WhiteElo "2712"]
[BlackElo "2468"]
[PlyCount "77"]
[EventDate "2016.02.19"]
[EventType "swiss (blitz)"]
[EventRounds "22"]
[EventCountry "UKR"]

1. d4 Nf6 2. c4 g6 3. Nc3 Bg7 4. e4 d6 5. Be2 O-O 6. Bg5 c5 7. d5 a6 8. a4 e6
9. Qd2 exd5 10. cxd5 Re8 11. f3 Qa5 12. Ra3 Nbd7 13. Nh3 c4 14. Nf2 Ne5 15. O-O
Bd7 16. Qf4 Nh5 17. Qc1 f5 18. exf5 Bxf5 19. Nce4 Bxe4 20. Nxe4 Rf8 21. Kh1
Qxd5 22. Rd1 Nd3 23. Bxd3 cxd3 24. Raxd3 Qe5 25. Nxd6 Nf4 26. Qc4+ Kh8 27. Bxf4
Qxf4 28. Qxf4 Rxf4 29. b3 Rb8 30. Ne4 Rff8 31. Rd7 b5 32. a5 Rbc8 33. R7d6 Rc2
34. Rxa6 Rb2 35. Nc5 Rc8 36. h4 h6 37. Ne6 Rxb3 38. Nxg7 Kxg7 39. Rd7+ 1-0

[Event "3rd Memory of Nebesna Sotnya-2016 B"]
[Site "Lutsk, Volyn region"]
[Date "2016.02.19"]
[Round "15.2"]
[White "Reprintsev, Alexander"]
[Black "Polivanov, Anatoliy"]
[Result "1/2-1/2"]
[WhiteElo "2356"]
[BlackElo "2384"]
[PlyCount "120"]
[EventDate "2016.02.19"]
[EventType "swiss (blitz)"]
[EventRounds "22"]
[EventCountry "UKR"]

1. e4 e6 2. Qe2 Nf6 3. e5 Nd5 4. Nc3 Nb4 5. d4 d5 6. a3 N4c6 7. Nf3 Be7 8. h4
h6 9. Be3 b6 10. Qd2 Na5 11. b3 c5 12. Nb5 Nbc6 13. Be2 a6 14. Nd6+ Bxd6 15.
exd6 Qxd6 16. O-O O-O 17. dxc5 bxc5 18. b4 Nb7 19. c4 d4 20. bxc5 Qxc5 21. Nxd4
Rd8 22. Nxc6 Rxd2 23. Bxc5 Nxc5 24. Bf3 Bb7 25. Rfd1 Rxd1+ 26. Rxd1 Kf8 27. Rb1
Bxc6 28. Bxc6 Rc8 29. Rb6 Ke7 30. Kf1 Kd6 31. Bf3+ Ke5 32. Ke2 Kd4 33. Rb4 e5
34. Bd5 f5 35. f3 e4 36. fxe4 fxe4 37. Rb6 Rd8 38. Rg6 Rd7 39. Bg8 Kc3 40. Ke3
Kb2 41. Be6 Rd6 42. Bf5 Rxg6 43. Bxg6 Kxa3 44. Bxe4 Kb3 45. Bc6 Kxc4 46. Kf4
Kd4 47. Kf5 g5 48. hxg5 hxg5 49. Kxg5 Ke3 50. g4 Kd4 51. Kf5 Nd3 52. g5 Ne5 53.
Be8 a5 54. Ba4 Nf3 55. g6 Nh4+ 56. Kf6 Nxg6 57. Kxg6 Kc4 58. Be8 Kb4 59. Bd7 a4
60. Bxa4 Kxa4 1/2-1/2

[Event "3rd Memory of Nebesna Sotnya-2016 B"]
[Site "Lutsk, Volyn region"]
[Date "2016.02.19"]
[Round "15.3"]
[White "Bordovsky, Vladimir"]
[Black "Onischuk, Vladimir"]
[Result "1/2-1/2"]
[WhiteElo "2424"]
[BlackElo "2728"]
[PlyCount "133"]
[EventDate "2016.02.19"]
[EventType "swiss (blitz)"]
[EventRounds "22"]
[EventCountry "UKR"]

1. c4 d6 2. Nc3 g6 3. g3 Bg7 4. Bg2 Nf6 5. Nf3 O-O 6. O-O e5 7. d3 Nc6 8. Rb1
a5 9. a3 Re8 10. Bg5 h6 11. Bxf6 Bxf6 12. b4 axb4 13. axb4 Bg7 14. b5 Ne7 15.
e4 c6 16. Qb3 Be6 17. Nd2 h5 18. Rfc1 Bh6 19. Rc2 h4 20. Nf3 h3 21. Bf1 Qd7 22.
Ra2 Rxa2 23. Qxa2 Kg7 24. Qa7 Bg4 25. Be2 Qc8 26. bxc6 bxc6 27. Rb7 Qe6 28. c5
d5 29. exd5 Nxd5 30. Ne4 Bxf3 31. Bxf3 Rf8 32. Nd6 Nc3 33. Bxc6 Ne2+ 34. Kf1
Nd4 35. Be8 Qg4 36. Rxf7+ Kh8 37. Rxf8+ Bxf8 38. Nf7+ Kg8 39. Nh6+ Bxh6 40.
Qf7+ Kh8 41. f3 Qxf3+ 42. Qxf3 Nxf3 43. Bxg6 Nxh2+ 44. Kg1 Nf3+ 45. Kf2 Nd4 46.
Be4 Bf8 47. c6 Bd6 48. g4 Kg7 49. Kg3 Kf6 50. Kxh3 Kg5 51. Kg3 Ne6 52. Kf3 Nc5
53. Bf5 Bc7 54. Ke3 Bb6 55. Kd2 Nb3+ 56. Kc3 Nd4 57. Bd7 Bc7 58. Kc4 Ne2 59.
Kb5 Nf4 60. Ka6 Nxd3 61. Kb7 e4 62. Bf5 Bd6 63. c7 Nc5+ 64. Kc6 Bxc7 65. Kxc5
e3 66. Bd3 Kxg4 67. Kd4 1/2-1/2

[Event "3rd Memory of Nebesna Sotnya-2016 B"]
[Site "Lutsk, Volyn region"]
[Date "2016.02.19"]
[Round "15.4"]
[White "Bortnyk, Mykola"]
[Black "Bogdanovich, Stanislav"]
[Result "0-1"]
[WhiteElo "2665"]
[BlackElo "2727"]
[PlyCount "124"]
[EventDate "2016.02.19"]
[EventType "swiss (blitz)"]
[EventRounds "22"]
[EventCountry "UKR"]

1. e4 e5 2. Nf3 Nc6 3. Bb5 g6 4. c3 a6 5. Bxc6 dxc6 6. Nxe5 Qg5 7. d4 Qxg2 8.
Qf3 Qxf3 9. Nxf3 Bg4 10. Ne5 Be6 11. Be3 Bg7 12. Nd3 O-O-O 13. Nd2 Nf6 14. f3
Rhe8 15. h4 Nh5 16. Kf2 f5 17. Bg5 Rd7 18. Nc5 Rf7 19. Nxe6 Rxe6 20. exf5 Rxf5
21. Rae1 Rxe1 22. Rxe1 Rf8 23. Ne4 b6 24. a4 a5 25. Bd2 Nf4 26. Bxf4 Rxf4 27.
Kg3 Rf5 28. Ng5 h6 29. Re8+ Kd7 30. Rg8 Bxd4 31. Nh3 Be3 32. Rg7+ Kd6 33. Rxg6+
Kc5 34. f4 Kc4 35. Rxh6 Kb3 36. Rxc6 Rf7 37. Re6 Bc1 38. h5 Bxb2 39. Ng5 Rf8
40. Rc6 Bxc3 41. Rxc7 Bd2 42. Rf7 Rh8 43. Rd7 Bb4 44. Kg4 Kxa4 45. Rd3 Kb5 46.
f5 a4 47. f6 a3 48. Rd1 Bc3 49. Ne4 Bb2 50. Rb1 Kc4 51. Nd6+ Kb3 52. f7 a2 53.
Rf1 a1=Q 54. Rxa1 Bxa1 55. Kg5 Bg7 56. Ne8 Bf8 57. Nc7 Kc4 58. Ne6 Bh6+ 59. Kf6
b5 60. Ng7 b4 61. Nf5 Bf8 62. h6 Rxh6+ 0-1

[Event "3rd Memory of Nebesna Sotnya-2016 B"]
[Site "Lutsk, Volyn region"]
[Date "2016.02.19"]
[Round "15.5"]
[White "Omelja, Artem"]
[Black "Razin, Vadim"]
[Result "0-1"]
[WhiteElo "2433"]
[BlackElo "2461"]
[PlyCount "160"]
[EventDate "2016.02.19"]
[EventType "swiss (blitz)"]
[EventRounds "22"]
[EventCountry "UKR"]

1. d4 d5 2. c4 Nc6 3. cxd5 Qxd5 4. e3 e5 5. Nc3 Bb4 6. a3 Bxc3+ 7. bxc3 Qd6 8.
d5 Nce7 9. c4 c6 10. e4 Nf6 11. f3 O-O 12. Ne2 b5 13. cxb5 cxd5 14. a4 Bb7 15.
Ba3 Qe6 16. Qb3 Rfe8 17. Ng3 Qb6 18. Bd3 Qe3+ 19. Ne2 dxe4 20. Bc4 Qxb3 21.
Bxb3 exf3 22. gxf3 Bxf3 23. Rg1 Bd5 24. Bc2 Rac8 25. Rc1 Ng6 26. Bxg6 hxg6 27.
Nc3 Ba8 28. a5 Rc4 29. Ne2 Ra4 30. Rg3 Rxa5 31. Rc7 Rxb5 32. Nc3 Ra5 33. Bb4
Ra1+ 34. Ke2 Nd5 35. Nxd5 Bxd5 36. Rd3 Be6 37. Re3 Ra2+ 38. Kf3 e4+ 39. Kg3 Bf5
40. h4 a5 41. Bc3 a4 42. Ra7 Ra3 43. Kf4 Rc8 44. Bd4 Rxe3 45. Bxe3 Rc4 46. Ra8+
Kh7 47. Ra7 f6 48. h5 Be6 49. hxg6+ Kxg6 50. Ra6 Bh3 51. Ra5 Kf7 52. Ra7+ Kg6
53. Ra5 Be6 54. Bc5 Rc3 55. Be3 a3 56. Kxe4 a2 57. Bd4 Rc4 58. Kd3 Rc1 59. Kd2
Rh1 60. Ra7 Bc4 61. Ke3 Kf5 62. Ra5+ Kg6 63. Ra7 Be6 64. Ra6 Kf5 65. Ra5+ Kg4
66. Ra7 g5 67. Bxf6 Rf1 68. Bd4 Rf3+ 69. Ke2 Bc4+ 70. Ke1 Rf1+ 71. Kd2 Rf3 72.
Ke1 Kh3 73. Ra4 Bd5 74. Ke2 Rf4 75. Ke3 Kg4 76. Ra5 Rf3+ 77. Ke2 Bc4+ 78. Ke1
Kf4 79. Bg7 Ke3 80. Ra3+ Bd3 0-1

[Event "3rd Memory of Nebesna Sotnya-2016 B"]
[Site "Lutsk, Volyn region"]
[Date "2016.02.19"]
[Round "15.6"]
[White "Mirzoev, Emil"]
[Black "Rakhmangulov, Andrei"]
[Result "1/2-1/2"]
[WhiteElo "2432"]
[BlackElo "2402"]
[PlyCount "85"]
[EventDate "2016.02.19"]
[EventType "swiss (blitz)"]
[EventRounds "22"]
[EventCountry "UKR"]

1. e4 d6 2. d4 Nf6 3. Bd3 e5 4. Ne2 Nc6 5. d5 Nb4 6. O-O Nxd3 7. Qxd3 Be7 8. c4
O-O 9. Nbc3 c6 10. f3 cxd5 11. cxd5 Nd7 12. Be3 b6 13. b4 a5 14. a3 Ba6 15. Qd2
Bc4 16. Rfc1 b5 17. Rab1 axb4 18. axb4 f5 19. exf5 Rxf5 20. Ng3 Rf8 21. Qf2 Ra3
22. Nge4 Qa8 23. Qd2 Nf6 24. Nxf6+ gxf6 25. f4 Qe8 26. Ra1 Qa8 27. Qb2 Rxa1 28.
Rxa1 Qc8 29. Ra7 Rf7 30. Qd2 Qf5 31. h3 h5 32. Rb7 Bf8 33. Rb8 Kh7 34. Nxb5
Bxb5 35. Rxb5 Rg7 36. Rb8 Be7 37. Rb7 Qe4 38. b5 Bd8 39. Rxg7+ Kxg7 40. fxe5
fxe5 41. Bf2 h4 42. Qb2 Bb6 43. Qd2 1/2-1/2

[Event "3rd Memory of Nebesna Sotnya-2016 B"]
[Site "Lutsk, Volyn region"]
[Date "2016.02.19"]
[Round "15.7"]
[White "Voitovich, Vladislav"]
[Black "Grekh, Andrey"]
[Result "1-0"]
[WhiteElo "2268"]
[BlackElo "2421"]
[PlyCount "63"]
[EventDate "2016.02.19"]
[EventType "swiss (blitz)"]
[EventRounds "22"]
[EventCountry "UKR"]

1. d4 Nf6 2. Bg5 d5 3. Bxf6 exf6 4. e3 g6 5. Bd3 Bg7 6. Nd2 O-O 7. Qf3 Be6 8.
Ne2 Qd7 9. Nf4 c5 10. dxc5 f5 11. c3 Nc6 12. Bb5 a6 13. Bxc6 Qxc6 14. Nb3 a5
15. Nd4 Qd7 16. O-O a4 17. b4 axb3 18. axb3 Rfc8 19. b4 Ra4 20. Rxa4 Qxa4 21.
Nxd5 Bxd5 22. Qxd5 Bxd4 23. Qxb7 Re8 24. cxd4 f4 25. exf4 Qc2 26. c6 Qe4 27. b5
Qxd4 28. c7 Qd7 29. b6 Kg7 30. h3 h5 31. Rc1 Rc8 32. Qc6 1-0

[Event "3rd Memory of Nebesna Sotnya-2016 B"]
[Site "Lutsk, Volyn region"]
[Date "2016.02.19"]
[Round "15.8"]
[White "Grebeniuk, Semen"]
[Black "Mikhalsky, Vladimir"]
[Result "1-0"]
[WhiteElo "2266"]
[BlackElo "2363"]
[PlyCount "124"]
[EventDate "2016.02.19"]
[EventType "swiss (blitz)"]
[EventRounds "22"]
[EventCountry "UKR"]

1. d4 Nf6 2. Nf3 g6 3. Bg5 Bg7 4. Nbd2 h6 5. Bh4 c5 6. c3 O-O 7. e3 b6 8. Be2
Bb7 9. O-O d6 10. a4 Nc6 11. Qb1 e5 12. dxe5 dxe5 13. Rd1 Qe7 14. Nc4 Rad8 15.
a5 b5 16. a6 Ba8 17. Na3 b4 18. Nc4 Rxd1+ 19. Qxd1 Rd8 20. Qc2 g5 21. Bg3 Nh5
22. Qf5 Nxg3 23. hxg3 Qf6 24. Qxf6 Bxf6 25. Nfd2 Ne7 26. Bf3 e4 27. Nxe4 Bxe4
28. Bxe4 bxc3 29. bxc3 Bxc3 30. Rc1 Bb4 31. g4 h5 32. gxh5 f5 33. Bb7 Kg7 34.
Ne5 Rd2 35. Nf3 Ra2 36. Nxg5 Kh6 37. Ne6 Ba3 38. Rc4 Ra1+ 39. Kh2 Kxh5 40. Nxc5
Ng6 41. Ne6 Bd6+ 42. g3 Ne5 43. Rh4+ Kg6 44. Nf4+ Kg7 45. Ne6+ Kg6 46. Nd4 Ng4+
47. Kg2 Ra2 48. Rxg4+ fxg4 49. Bc8 Bc5 50. Nf5 Bb6 51. Nh4+ Kg5 52. Kf1 Ra1+
53. Kg2 Rc1 54. Bd7 Bd8 55. Nf5 Rc5 56. Nd4 Rd5 57. Bc6 Rd6 58. Bb7 Bb6 59. Nb5
Rd2 60. Nc3 Kf5 61. Bc8+ Kf6 62. Ne4+ Ke5 1-0

[Event "3rd Memory of Nebesna Sotnya-2016 B"]
[Site "Lutsk, Volyn region"]
[Date "2016.02.19"]
[Round "16.1"]
[White "Klymchuk, Andriy"]
[Black "Kuzubov, Yuriy"]
[Result "1/2-1/2"]
[WhiteElo "2468"]
[BlackElo "2712"]
[PlyCount "104"]
[EventDate "2016.02.19"]
[EventType "swiss (blitz)"]
[EventRounds "22"]
[EventCountry "UKR"]

1. g3 d5 2. Bg2 c6 3. Nf3 Nf6 4. O-O Bg4 5. c4 Nbd7 6. cxd5 cxd5 7. Qb3 Qb6 8.
Nc3 Bxf3 9. Qxb6 Nxb6 10. Bxf3 e6 11. d3 Bb4 12. Be3 Ke7 13. Rfc1 Nbd7 14. a3
Ba5 15. Na4 Rhc8 16. b4 Bd8 17. Bd4 b6 18. e4 e5 19. Be3 d4 20. Bg5 Kd6 21. Bd1
b5 22. Nc5 Nxc5 23. bxc5+ Rxc5 24. Rxc5 Kxc5 25. Bb3 Ba5 26. Bxf7 Bc3 27. Ra2
h6 28. Bc1 a5 29. f4 Ng4 30. Kg2 Rf8 31. Be6 Ne3+ 32. Kf3 Kd6 33. f5 a4 34. g4
Ra8 35. h4 b4 36. axb4 Bxb4 37. g5 hxg5 38. hxg5 a3 39. Bd5 Nxd5 40. exd5 Kxd5
41. Kg4 e4 42. dxe4+ Kxe4 43. f6 gxf6 44. gxf6 Rg8+ 45. Bg5 d3 46. Kh5 Kf5 47.
Rf2+ Ke6 48. f7 Rf8 49. Kg6 a2 50. Rxa2 Rxf7 51. Ra6+ Bd6 52. Rxd6+ Kxd6
1/2-1/2

[Event "3rd Memory of Nebesna Sotnya-2016 B"]
[Site "Lutsk, Volyn region"]
[Date "2016.02.19"]
[Round "16.2"]
[White "Polivanov, Anatoliy"]
[Black "Reprintsev, Alexander"]
[Result "1-0"]
[WhiteElo "2384"]
[BlackElo "2356"]
[PlyCount "85"]
[EventDate "2016.02.19"]
[EventType "swiss (blitz)"]
[EventRounds "22"]
[EventCountry "UKR"]

1. e4 d5 2. exd5 Qxd5 3. Nf3 Bg4 4. Be2 Nc6 5. O-O O-O-O 6. d3 e5 7. Nc3 Qd6 8.
Ne4 Qe7 9. h3 Bh5 10. Ng3 Bg6 11. c3 e4 12. Nd4 Nxd4 13. cxd4 exd3 14. Bxd3
Rxd4 15. Bf5+ Rd7 16. Bxd7+ Qxd7 17. Qf3 Qc6 18. Qxc6 bxc6 19. Bf4 Nf6 20. Rac1
Nd5 21. Bd2 Kb7 22. Rfe1 Bb4 23. Bxb4 Nxb4 24. Re3 Nd5 25. Rb3+ Nb6 26. Rbc3
Rd8 27. Rxc6 Rd7 28. f4 Bd3 29. R6c3 Bb5 30. Ne4 Re7 31. Nc5+ Kc8 32. b3 Nd5
33. Rf3 f5 34. a4 Be2 35. Rf2 Bh5 36. Nd3 Re3 37. Rd2 Bf7 38. Ne5 Be6 39. Nc6
Nxf4 40. Rd8+ Kb7 41. Rb8+ Ka6 42. Nb4+ Ka5 43. Rb5# 1-0

[Event "3rd Memory of Nebesna Sotnya-2016 B"]
[Site "Lutsk, Volyn region"]
[Date "2016.02.19"]
[Round "16.3"]
[White "Onischuk, Vladimir"]
[Black "Bordovsky, Vladimir"]
[Result "1-0"]
[WhiteElo "2728"]
[BlackElo "2424"]
[PlyCount "77"]
[EventDate "2016.02.19"]
[EventType "swiss (blitz)"]
[EventRounds "22"]
[EventCountry "UKR"]

1. e4 e5 2. Nf3 Nc6 3. Bb5 Nge7 4. O-O d6 5. c4 Bd7 6. Nc3 g6 7. d4 exd4 8.
Nxd4 Bg7 9. Be3 O-O 10. Re1 a6 11. Bxc6 Nxc6 12. Nd5 Ne5 13. b3 Ng4 14. Rc1 c6
15. Nc3 Nxe3 16. Rxe3 Bh6 17. Qd3 Bxe3 18. Qxe3 Qf6 19. Rd1 b5 20. h3 Rfe8 21.
Nf3 bxc4 22. e5 Qe7 23. Ne4 cxb3 24. Rxd6 bxa2 25. Qa3 Be6 26. Nf6+ Kg7 27. Nd4
Qb7 28. Nxe8+ Rxe8 29. Nxe6+ Rxe6 30. Qxa2 Rxe5 31. Qd2 Qb1+ 32. Kh2 Qe4 33. f4
Re6 34. Qc3+ Kh6 35. Rd4 Qe3 36. Qc5 Kg7 37. f5 Qe5+ 38. Qxe5+ Rxe5 39. Rd6 1-0

[Event "3rd Memory of Nebesna Sotnya-2016 B"]
[Site "Lutsk, Volyn region"]
[Date "2016.02.19"]
[Round "16.4"]
[White "Bogdanovich, Stanislav"]
[Black "Bortnyk, Mykola"]
[Result "1-0"]
[WhiteElo "2727"]
[BlackElo "2665"]
[PlyCount "111"]
[EventDate "2016.02.19"]
[EventType "swiss (blitz)"]
[EventRounds "22"]
[EventCountry "UKR"]

1. d4 Nf6 2. c4 e6 3. Nf3 b6 4. g3 Ba6 5. Qa4 c6 6. Bg2 b5 7. cxb5 cxb5 8. Qd1
Bb7 9. O-O Be7 10. Bg5 O-O 11. Qd3 a6 12. Nbd2 d5 13. Ne5 Nc6 14. Nxc6 Bxc6 15.
Rfc1 Rc8 16. Bxf6 Bxf6 17. e3 Qb6 18. Nb3 b4 19. Qd2 a5 20. Bf1 Bb5 21. Nc5 Be7
22. Bxb5 Qxb5 23. Nd3 Bd6 24. Rxc8 Rxc8 25. Rc1 Rxc1+ 26. Nxc1 Qc4 27. Qd1 a4
28. b3 axb3 29. axb3 Qc3 30. Nd3 h5 31. Kf1 g6 32. Ke2 Kg7 33. Qb1 e5 34. dxe5
Bxe5 35. Qc1 Kf6 36. f4 Bd6 37. Qxc3+ bxc3 38. Ne1 Kf5 39. Kf3 Bc5 40. Nc2 Ke6
41. h3 Bb6 42. g4 Kd6 43. Ke2 Kc5 44. Kd3 Ba5 45. Nd4 h4 46. Ne2 Kb4 47. Kc2
Bb6 48. Nxc3 Kc5 49. Na4+ Kc6 50. Nxb6 Kxb6 51. b4 Kb5 52. Kb3 f6 53. Kc3 Ka4
54. Kd4 Kxb4 55. Kxd5 Kc3 56. e4 1-0

[Event "3rd Memory of Nebesna Sotnya-2016 B"]
[Site "Lutsk, Volyn region"]
[Date "2016.02.19"]
[Round "16.5"]
[White "Razin, Vadim"]
[Black "Omelja, Artem"]
[Result "0-1"]
[WhiteElo "2461"]
[BlackElo "2433"]
[PlyCount "102"]
[EventDate "2016.02.19"]
[EventType "swiss (blitz)"]
[EventRounds "22"]
[EventCountry "UKR"]

1. d4 e6 2. Nf3 d5 3. c4 Nf6 4. Nc3 Be7 5. Bg5 h6 6. Bh4 O-O 7. e3 Ne4 8. Bxe7
Qxe7 9. Qc2 Nxc3 10. bxc3 c5 11. Be2 dxc4 12. Bxc4 b6 13. O-O Bb7 14. Qe2 Nd7
15. Rac1 a6 16. Bd3 e5 17. Bf5 exd4 18. cxd4 Rfd8 19. Bxd7 Rxd7 20. dxc5 bxc5
21. Rc3 Rc8 22. Rfc1 Qe4 23. Rc4 Qd5 24. h3 a5 25. Qb2 Ba6 26. Rg4 f5 27. Rg6
Bb7 28. Ne5 Re7 29. Nf3 Kh7 30. Rb6 c4 31. Rb5 Qe4 32. Qc3 f4 33. exf4 Qxf4 34.
Rxa5 Be4 35. Ra4 Bd3 36. Rb4 Qf5 37. Nd4 Qg6 38. Nf3 Rc5 39. Qd4 Ra5 40. a4 Re4
41. Qd8 Rf5 42. Nh4 Rxh4 43. Qxh4 Qf7 44. Qd4 Rf4 45. Qe3 Re4 46. Qg3 Qe7 47.
a5 Qxb4 48. a6 Qa3 49. Rd1 Qxa6 50. Qf3 Qg6 51. g3 Be2 0-1

[Event "3rd Memory of Nebesna Sotnya-2016 B"]
[Site "Lutsk, Volyn region"]
[Date "2016.02.19"]
[Round "16.6"]
[White "Rakhmangulov, Andrei"]
[Black "Mirzoev, Emil"]
[Result "1/2-1/2"]
[WhiteElo "2402"]
[BlackElo "2432"]
[PlyCount "77"]
[EventDate "2016.02.19"]
[EventType "swiss (blitz)"]
[EventRounds "22"]
[EventCountry "UKR"]

1. d4 Nf6 2. Nf3 d6 3. h3 c5 4. dxc5 Qa5+ 5. Nc3 Qxc5 6. e4 e6 7. Be3 Qc7 8.
Bd3 a6 9. O-O Be7 10. a4 b6 11. Nd2 Bb7 12. f4 Nbd7 13. f5 e5 14. g4 h6 15. Qf3
Nc5 16. Kg2 Rd8 17. Bxc5 Qxc5 18. Qe2 Qc8 19. Nc4 Qc7 20. Ne3 O-O 21. h4 d5 22.
g5 dxe4 23. Bc4 Rd4 24. gxf6 Bxf6 25. Bb3 Bxh4 26. Ncd5 Qd8 27. f6 g6 28. Rad1
Kh7 29. c3 Rd3 30. Rxd3 exd3 31. Qxd3 Bg5 32. Ng4 Qd6 33. Qe4 Re8 34. c4 Bc8
35. Bc2 Bd7 36. b3 b5 37. axb5 axb5 38. Ne7 Rxe7 39. fxe7 1/2-1/2